000 00653nam a2200229 i 4500
001 141002
003 ES-MaACL
005 20250818131149.0
007 t|
008 070918s1972 sp a ||||1|bspa d
080 _a929 Rommel, Erwin
080 _a940.42
100 1 _aYoung, Desmond.
_9117683
245 1 0 _aRommel /
_cDesmond Young.
260 _a[Madrid] :
_bCĂ­rculo de Amigos de la Historia,
_c[1972]
300 _a3 v. :
_bil. ;
_c18 cm.
600 1 4 _aRommel, Erwin-
_xBiografĂ­as.
_999473
650 0 4 _aGuerra mundial, 1939-1945-
_zAlemania.
_913229
700 2 _a
_9241907
852 _aES-MaACL
_jC-52204-06
999 _c141002
_d141002